[Event "Mecklenburg VP LL2 Ost 1516"]
[Site "Mecklenburg VP"]
[Date "2016.01.17"]
[Round "5.7"]
[White "Friedrich, Joerg"]
[Black "Hollatz, Michael"]
[Result "1-0"]
[WhiteElo "1619"]
[BlackElo "1767"]
[PlyCount "85"]
[EventDate "2015.09.20"]
[EventType "team-tourn"]
[EventRounds "9"]
[EventCountry "GER"]
[SourceTitle "EXT 2022"]
[Source "ChessBase"]
[SourceDate "2021.10.06"]
[SourceVersion "1"]
[SourceVersionDate "2021.10.06"]
[SourceQuality "1"]
[WhiteTeam "Neubrandenburg SG Eintracht II"]
[BlackTeam "Gryps SV"]
[WhiteTeamCountry "GER"]
[BlackTeamCountry "GER"]

1. d4 d5 2. a3 Nf6 3. Nc3 Bf5 4. Bg5 e6 5. Nf3 Nbd7 6. Nh4 Bg6 7. Nxg6 hxg6 8. e4 Be7 9. e5 Nh7 10. Bxe7 Qxe7 11. Qd2 Nb6 12. 0-0-0 a6 13. h4 Nf8 14. g3 Nfd7 15. Bd3 c5 16. dxc5 Nxc5 17. Be2 Rc8 18. Kb1 Qc7 19. f4 Qc6 20. Rh2 Ncd7 21. Bd3 Nc4 22. Bxc4 Qxc4 23. Rdh1 b5 24. h5 g5 25. Ne2 Qc7 26. c3 Nc5 27. Nd4 Ne4 28. Qe3 gxf4 29. gxf4 Qd7 30. Qg1 Rh7 31. f5 exf5 32. e6 Qc7 33. exf7+ Qxf7 34. Qg6 Rh6 35. Qxf7+ Kxf7 36. Nxf5 Rf6 37. Ne3 Ke6 38. Rg2 Rc7 39. Ng4 Rf5 40. h6 gxh6 41. Rxh6+ Ke7 42. Ne3 Rg5 43. Rxg5 1-0

[Event "Mecklenburg VP LL2 Ost 1516"]
[Site "Mecklenburg VP"]
[Date "2015.09.20"]
[Round "1.7"]
[White "Friedrich, Joerg"]
[Black "Martau, Valentin"]
[Result "0-1"]
[WhiteElo "1619"]
[BlackElo "1376"]
[PlyCount "102"]
[EventDate "2015.09.20"]
[EventType "team-tourn"]
[EventRounds "9"]
[EventCountry "GER"]
[SourceTitle "EXT 2022"]
[Source "ChessBase"]
[SourceDate "2021.10.06"]
[SourceVersion "1"]
[SourceVersionDate "2021.10.06"]
[SourceQuality "1"]
[WhiteTeam "Neubrandenburg SG Eintracht II"]
[BlackTeam "Neubrandenburg SG Eintracht III"]
[WhiteTeamCountry "GER"]
[BlackTeamCountry "GER"]

1. d4 d5 2. Nc3 Nc6 3. e4 dxe4 4. Bb5 Bd7 5. d5 Nb8 6. Bf4 a6 7. Bxd7+ Nxd7 8. Nxe4 Ngf6 9. Nxf6+ exf6 10. Qe2+ Be7 11. 0-0-0 0-0 12. Nf3 Re8 13. Rhe1 Ne5 14. Nxe5 fxe5 15. Qxe5 Bd6 16. Qxe8+ Qxe8 17. Rxe8+ Rxe8 18. Bxd6 cxd6 19. c4 b6 20. Kd2 Kf8 21. Re1 Rxe1 22. Kxe1 Ke7 23. Kd2 Kf6 24. Kd3 Ke5 25. g3 g5 26. b4 b5 27. f4+ gxf4 28. gxf4+ Kxf4 29. cxb5 axb5 30. a4 Ke5 31. a5 Kxd5 32. a6 Kc6 33. Kd4 f5 34. Ke3 d5 35. h4 h5 36. Kd4 f4 37. Kd3 Kb6 38. a7 Kxa7 39. Kd2 d4 40. Kd3 f3 41. Kd2 Kb6 42. Kd3 Kc6 43. Kd2 Kd5 44. Kd3 f2 45. Ke2 f1Q+ 46. Kxf1 Kc4 47. Ke2 Kxb4 48. Kd3 Kb3 49. Kxd4 b4 50. Ke4 Kc2 51. Kf4 b3 0-1

[Event "Mecklenburg VP LL2 Ost 1415"]
[Site "Mecklenburg VP"]
[Date "2015.04.26"]
[Round "9.6"]
[White "Herde, Dittmar"]
[Black "Friedrich, Joerg"]
[Result "1-0"]
[WhiteElo "1788"]
[BlackElo "1657"]
[PlyCount "89"]
[EventDate "2014.09.21"]
[EventType "team-tourn"]
[EventRounds "9"]
[EventCountry "GER"]
[SourceTitle "EXT 2022"]
[Source "ChessBase"]
[SourceDate "2021.10.06"]
[SourceVersion "1"]
[SourceVersionDate "2021.10.06"]
[SourceQuality "1"]
[WhiteTeam "Rostock SSC 07 III"]
[BlackTeam "Neubrandenburg SG Eintracht III"]
[WhiteTeamCountry "GER"]
[BlackTeamCountry "GER"]

1. d4 Nf6 2. c4 d6 3. Nc3 g6 4. e4 Bg7 5. f3 0-0 6. Bg5 Ne8 7. g4 Nc6 8. Nge2 f6 9. Be3 e5 10. d5 Ne7 11. Qd2 c6 12. h4 cxd5 13. Nxd5 Nxd5 14. Qxd5+ Kh8 15. h5 gxh5 16. Rxh5 Qe7 17. Qd2 Be6 18. Ng3 Qf7 19. b3 Rc8 20. Qh2 Qg6 21. Nf5 Rc7 22. Bxa7 b5 23. Bb6 Rb7 24. cxb5 Bxf5 25. gxf5 Qxh5 26. Qxh5 Rxb6 27. Bc4 Nc7 28. Bf7 Nxb5 29. Rc1 Rb7 30. Bd5 Ra7 31. Rc2 Nd4 32. Rh2 h6 33. Kd1 Rc8 34. Bc4 Rac7 35. Kd2 Ra7 36. Ke3 Rca8 37. Qg6 Rc7 38. Rxh6+ Bxh6+ 39. Qxh6+ Rh7 40. Qxf6+ Rg7 41. Qxd6 Re8 42. f6 Rg3 43. f7 Rxf3+ 44. Kd2 Rf2+ 45. Ke1 1-0

[Event "Mecklenburg VP LL2 Ost 1415"]
[Site "Mecklenburg VP"]
[Date "2015.01.18"]
[Round "5.7"]
[White "Friedrich, Joerg"]
[Black "Klotzsche, Stefan"]
[Result "0-1"]
[WhiteElo "1657"]
[BlackElo "1707"]
[PlyCount "62"]
[EventDate "2014.09.21"]
[EventType "team-tourn"]
[EventRounds "9"]
[EventCountry "GER"]
[SourceTitle "EXT 2022"]
[Source "ChessBase"]
[SourceDate "2021.10.06"]
[SourceVersion "1"]
[SourceVersionDate "2021.10.06"]
[SourceQuality "1"]
[WhiteTeam "Neubrandenburg SG Eintracht III"]
[BlackTeam "Wolgast Motor"]
[WhiteTeamCountry "GER"]
[BlackTeamCountry "GER"]

1. d4 Nf6 2. Bg5 Ne4 3. Bf4 g6 4. f3 Nf6 5. e4 d6 6. Nc3 Bg7 7. Qd2 0-0 8. g4 a6 9. h4 h5 10. gxh5 Nxh5 11. 0-0-0 Kh7 12. Nh3 Bxh3 13. Bxh3 Nxf4 14. Bg4 Nc6 15. h5 g5 16. Bf5+ Kh6 17. Nd5 Nxd5 18. exd5 Nxd4 19. Qd3 Nxf5 20. Qxf5 Qc8 21. Qe4 Be5 22. Rhg1 f5 23. Qe2 c5 24. Rxg5 Bf4+ 25. Kb1 Bxg5 26. Rg1 Rg8 27. Re1 Rg7 28. f4 Bxf4 29. Qf3 Bg5 30. Re6+ Bf6 31. a3 Rg5 0-1

[Event "Mecklenburg VP LL2 Ost 1415"]
[Site "Mecklenburg VP"]
[Date "2014.12.07"]
[Round "4.7"]
[White "Nickel, Udo"]
[Black "Friedrich, Joerg"]
[Result "1/2-1/2"]
[WhiteElo "1703"]
[BlackElo "1657"]
[PlyCount "92"]
[EventDate "2014.09.21"]
[EventType "team-tourn"]
[EventRounds "9"]
[EventCountry "GER"]
[SourceTitle "EXT 2022"]
[Source "ChessBase"]
[SourceDate "2021.10.06"]
[SourceVersion "1"]
[SourceVersionDate "2021.10.06"]
[SourceQuality "1"]
[WhiteTeam "Waterkant Saal SV"]
[BlackTeam "Neubrandenburg SG Eintracht III"]
[WhiteTeamCountry "GER"]
[BlackTeamCountry "GER"]

1. d4 Nf6 2. Nf3 d6 3. c4 g6 4. Nc3 Bg7 5. e4 0-0 6. Be2 Nc6 7. 0-0 Bd7 8. Be3 Ng4 9. Bc1 f5 10. h3 Nf6 11. e5 dxe5 12. dxe5 Nh5 13. Be3 f4 14. Bc5 Rf5 15. Bd3 Rf7 16. Re1 e6 17. Qc2 b6 18. Ba3 a5 19. Nb5 Nb4 20. Bxb4 axb4 21. Qb3 Bf8 22. Be4 Rb8 23. Rad1 Bc5 24. Nbd4 Qe8 25. Qc2 Bxd4 26. Rxd4 Bc6 27. Red1 Bxe4 28. Qxe4 c5 29. Rd6 Qe7 30. Qc6 Ng7 31. Rd7 Qe8 32. Ng5 Rxd7 33. Rxd7 Rd8 34. Rxg7+ Kxg7 35. Nxe6+ Kh6 36. Qxb6 Rd1+ 37. Kh2 Qf7 38. Qxc5 Qxe6 39. Qf8+ Kh5 40. Qxf4 g5 41. Qf3+ Kg6 42. Qxd1 Qxe5+ 43. Kg1 Qxb2 44. Qb3 Qc1+ 45. Kh2 Qf4+ 46. Qg3 Qxc4 1/2-1/2

[Event "Mecklenburg VP LL2 Ost 1314"]
[Site "Mecklenburg VP"]
[Date "2014.03.16"]
[Round "7.8"]
[White "Friedrich, Joerg"]
[Black "Mundt, Friedhelm"]
[Result "1-0"]
[WhiteElo "1648"]
[BlackElo "1181"]
[PlyCount "55"]
[EventDate "2013.10.27"]
[EventType "team-tourn"]
[EventRounds "9"]
[EventCountry "GER"]
[SourceTitle "EXT 2022"]
[Source "ChessBase"]
[SourceDate "2021.10.06"]
[SourceVersion "1"]
[SourceVersionDate "2021.10.06"]
[SourceQuality "1"]
[WhiteTeam "Neubrandenburg SG Eintracht II"]
[BlackTeam "Binz Therme Ruegen"]
[WhiteTeamCountry "GER"]
[BlackTeamCountry "GER"]

1. d4 Nf6 2. Nc3 d5 3. e4 dxe4 4. f3 exf3 5. Nxf3 e6 6. Bg5 Be7 7. a3 0-0 8. Qd2 Nbd7 9. 0-0-0 c6 10. Bd3 Nd5 11. Bxe7 Qxe7 12. Ne4 N7f6 13. Rde1 Nxe4 14. Rxe4 Bd7 15. Rh4 f5 16. g4 Qf6 17. g5 Qe7 18. Rg1 g6 19. Rh6 Qg7 20. Ne5 Rad8 21. h4 Be8 22. h5 gxh5 23. Rxe6 Bf7 24. g6 Be8 25. gxh7+ Kxh7 26. Rxg7+ Kxg7 27. Qh6+ Kg8 28. Qg5+ 1-0

[Event "Mecklenburg VP LL2 Ost 1314"]
[Site "Mecklenburg VP"]
[Date "2014.01.19"]
[Round "5.8"]
[White "Klotzsche, Stefan"]
[Black "Friedrich, Joerg"]
[Result "0-1"]
[WhiteElo "1626"]
[BlackElo "1648"]
[PlyCount "120"]
[EventDate "2013.10.27"]
[EventType "team-tourn"]
[EventRounds "9"]
[EventCountry "GER"]
[SourceTitle "EXT 2022"]
[Source "ChessBase"]
[SourceDate "2021.10.06"]
[SourceVersion "1"]
[SourceVersionDate "2021.10.06"]
[SourceQuality "1"]
[WhiteTeam "Wolgast Motor"]
[BlackTeam "Neubrandenburg SG Eintracht II"]
[WhiteTeamCountry "GER"]
[BlackTeamCountry "GER"]

1. d4 Nf6 2. Nf3 d6 3. e3 Bg4 4. Be2 Nc6 5. h3 Bd7 6. c4 e5 7. d5 Ne7 8. Nc3 Ng6 9. e4 h6 10. Be3 Be7 11. b4 Nf4 12. Bxf4 exf4 13. a4 Nh7 14. Qc2 Bf6 15. Bd3 Ng5 16. Nxg5 hxg5 17. 0-0-0 Be5 18. f3 a6 19. a5 Qf6 20. Na4 Qd8 21. c5 Bb5 22. c6 bxc6 23. dxc6 Qb8 24. Bc4 Ke7 25. Bd5 Qa7 26. Rhe1 Rab8 27. Nb2 f6 28. Ba2 Rhe8 29. Nd3 Bxd3 30. Qb3 Qc5+ 31. bxc5 Rxb3 32. Bxb3 Bb5 33. Kc2 Bxc6 34. cxd6+ Bxd6 35. Ra1 Rb8 36. Bc4 Bb5 37. Bxb5 Rxb5 38. Ra4 Bb4 39. Rea1 Bd6 40. Rh1 Be5 41. Kd3 Rb2 42. Rg1 Ke6 43. Rc4 Rb3+ 44. Kc2 Rb2+ 45. Kc1 Ra2 46. Rd1 Rxa5 47. Rd8 Ra1+ 48. Kc2 Ra2+ 49. Kb3 Rxg2 50. Ra8 Rb2+ 51. Ka3 Rb6 52. Ka4 Kf7 53. Ka5 Rb3 54. Kxa6 Rxf3 55. Rh8 Rb3 56. Rc8 Rxh3 57. R8xc7+ Bxc7 58. Rxc7+ Kg6 59. Rc6 Rb3 60. e5 Re3 0-1

[Event "Mecklenburg VP LL2 Ost 1213"]
[Site "Mecklenburg VP"]
[Date "2013.01.13"]
[Round "5.4"]
[White "Friedrich, Joerg"]
[Black "Schmidt, Paul1111"]
[Result "0-1"]
[WhiteElo "1685"]
[BlackElo "1567"]
[PlyCount "68"]
[EventDate "2012.10.14"]
[EventType "team-tourn"]
[EventRounds "9"]
[EventCountry "GER"]
[SourceTitle "EXT 2022"]
[Source "ChessBase"]
[SourceDate "2021.10.06"]
[SourceVersion "1"]
[SourceVersionDate "2021.10.06"]
[SourceQuality "1"]
[WhiteTeam "Neubrandenburg SG Eintracht II"]
[BlackTeam "Torgelow Droegeheide II"]
[WhiteTeamCountry "GER"]
[BlackTeamCountry "GER"]

1. d4 Nf6 2. Nc3 e6 3. e4 Bb4 4. e5 Nd5 5. Qd3 Bxc3+ 6. bxc3 d6 7. c4 Nb4 8. Qb3 c5 9. c3 N4c6 10. exd6 Qxd6 11. Ba3 b6 12. Rd1 0-0 13. Nf3 Bb7 14. dxc5 Qf4 15. cxb6 Rc8 16. bxa7 Rxa7 17. Bc5 Qe4+ 18. Be2 Na5 19. Qb6 Nbc6 20. Qb1 Qxb1 21. Rxb1 Raa8 22. 0-0 Nd8 23. Bb6 Ndc6 24. Rfd1 Ba6 25. Nd2 h6 26. Kf1 Bb7 27. c5 Rcb8 28. Ne4 Ne5 29. Nd6 Bd5 30. Rxd5 exd5 31. Bf3 Nac4 32. Bxd5 Nd2+ 33. Ke2 Nxb1 34. Bxa8 Rxa8 0-1

[Event "Mecklenburg VP LL2 Ost 1112"]
[Site "Mecklenburg VP"]
[Date "2012.03.18"]
[Round "8.4"]
[White "Hagenlueke, Thomas"]
[Black "Friedrich, Joerg"]
[Result "0-1"]
[WhiteElo "1921"]
[BlackElo "1701"]
[PlyCount "52"]
[EventDate "2011.10.02"]
[EventType "team-tourn"]
[EventRounds "9"]
[EventCountry "GER"]
[SourceTitle "EXT 2022"]
[Source "ChessBase"]
[SourceDate "2021.10.06"]
[SourceVersion "1"]
[SourceVersionDate "2021.10.06"]
[SourceQuality "1"]
[WhiteTeam "Gryps SV"]
[BlackTeam "Neubrandenburg SG Eintracht II"]
[WhiteTeamCountry "GER"]
[BlackTeamCountry "GER"]

1. Nc3 d5 2. e4 dxe4 3. Nxe4 Bf5 4. Qf3 Bxe4 5. Qxe4 c6 6. Bc4 Nf6 7. Qe2 Nbd7 8. Nf3 h6 9. d4 Qc7 10. Ne5 Nxe5 11. dxe5 Nd5 12. e6 0-0-0 13. exf7 e5 14. 0-0 Qxf7 15. Be3 b6 16. a4 Qc7 17. a5 Nxe3 18. axb6 Qxb6 19. fxe3 Bc5 20. Ra6 Bxe3+ 21. Kh1 Qc5 22. b4 Qd4 23. Rxc6+ Kb8 24. Rc5 Rhf8 25. Rxf8 Rxf8 26. Ba6 Qa1+ 0-1

[Event "Mecklenburg VP LL2 Ost 1011"]
[Site "Mecklenburg VP"]
[Date "2011.03.20"]
[Round "8.7"]
[White "Hiltner, Harald"]
[Black "Friedrich, Joerg"]
[Result "1/2-1/2"]
[WhiteElo "1527"]
[BlackElo "1651"]
[PlyCount "67"]
[EventDate "2010.10.10"]
[EventType "team-tourn"]
[EventRounds "9"]
[EventCountry "GER"]
[SourceTitle "EXT 2022"]
[Source "ChessBase"]
[SourceDate "2021.10.06"]
[SourceVersion "1"]
[SourceVersionDate "2021.10.06"]
[SourceQuality "1"]
[WhiteTeam "Waterkant Saal SV"]
[BlackTeam "Neubrandenburg SG Eintracht II"]
[WhiteTeamCountry "GER"]
[BlackTeamCountry "GER"]

1. e4 c5 2. Nf3 Nc6 3. b3 Nf6 4. d3 d5 5. exd5 Nxd5 6. Bb2 Bg4 7. Be2 Qa5+ 8. Qd2 Qc7 9. 0-0 f6 10. Nc3 Nxc3 11. Bxc3 e5 12. h3 Be6 13. Nh2 h5 14. Bf3 Bd6 15. Bxc6+ Qxc6 16. Qe3 Kf7 17. Rfe1 g5 18. d4 cxd4 19. Bxd4 Bd5 20. c4 Bxg2 21. c5 Bxh3 22. Qxh3 Bxc5 23. Bxc5 Qxc5 24. Qd7+ Kg6 25. Rac1 Rad8 26. Qxb7 Qa5 27. Qe4+ Kh6 28. Qf5 Qb6 29. Rc2 Rd4 30. Rec1 Rf4 31. Qh3 g4 32. Qg3 Kg5 33. Rc5 Rd8 34. Qe3 1/2-1/2

[Event "Mecklenburg VP LL2 Ost 1011"]
[Site "Mecklenburg VP"]
[Date "2010.11.14"]
[Round "3.5"]
[White "Friedrich, Joerg"]
[Black "Vlach, Michael"]
[Result "1-0"]
[WhiteElo "1651"]
[BlackElo "1622"]
[PlyCount "77"]
[EventDate "2010.10.10"]
[EventType "team-tourn"]
[EventRounds "9"]
[EventCountry "GER"]
[SourceTitle "EXT 2022"]
[Source "ChessBase"]
[SourceDate "2021.10.06"]
[SourceVersion "1"]
[SourceVersionDate "2021.10.06"]
[SourceQuality "1"]
[WhiteTeam "Neubrandenburg SG Eintracht II"]
[BlackTeam "Stralsund FHSG II"]
[WhiteTeamCountry "GER"]
[BlackTeamCountry "GER"]

1. d4 d5 2. e4 dxe4 3. Nc3 f5 4. f3 exf3 5. Nxf3 Nf6 6. Bg5 Nd5 7. Bc4 c6 8. Ne5 g6 9. Qf3 Be6 10. 0-0-0 Nd7 11. Nxd5 cxd5 12. Bxd5 Qb6 13. Nxd7 Kxd7 14. Bxe6+ Kxe6 15. Rhe1+ Kd6 16. Qa3+ Kd7 17. Bxe7 Re8 18. Bc5 Bd6 19. Bxb6 Bxa3 20. Bxa7 Ra8 21. Bc5 Bxc5 22. dxc5+ Kc6 23. a3 Kxc5 24. Rd7 b6 25. Ree7 Rae8 26. Rxe8 Rxe8 27. Rxh7 Re1+ 28. Kd2 Rg1 29. g3 Kd4 30. c3+ Ke4 31. Rh4+ Kf3 32. Rf4+ Kg2 33. g4 fxg4 34. Rxg4+ Kxh2 35. Rxg1 Kxg1 36. Ke3 Kf1 37. c4 Ke1 38. c5 bxc5 39. a4 1-0

[Event "Mecklenburg VP LL2 Ost 0910"]
[Site "Mecklenburg VP"]
[Date "2009.11.15"]
[Round "2"]
[White "Friedrich, Joerg"]
[Black "Dohnow, Thomas"]
[Result "0-1"]
[WhiteElo "1664"]
[BlackElo "1744"]
[PlyCount "70"]
[EventDate "2009.10.18"]
[EventType "team-tourn"]
[EventRounds "9"]
[EventCountry "GER"]
[SourceTitle "EXT 2016"]
[Source "ChessBase"]
[SourceDate "2015.10.08"]
[SourceVersion "1"]
[SourceVersionDate "2015.10.08"]
[SourceQuality "1"]
[WhiteTeam "Neubrandenburg SG Eintracht II"]
[BlackTeam "Waren"]
[WhiteTeamCountry "GER"]
[BlackTeamCountry "GER"]

1. d4 d5 2. e4 dxe4 3. Nc3 Nf6 4. f3 exf3 5. Nxf3 Bg4 6. Be2 Nc6 7. h3 Bf5 8. g4 Be6 9. Bg5 Nd5 10. Ne4 h6 11. Bd2 Nb6 12. c3 Qd5 13. Nc5 0-0-0 14. a4 h5 15. Nxe6 Qxe6 16. gxh5 Qd6 17. Rg1 f6 18. b4 e6 19. b5 Na5 20. Qc2 Qd5 21. c4 Naxc4 22. Rc1 Bd6 23. Bxc4 Nxc4 24. Qxc4 Qxf3 25. Rxg7 Bg3+ 26. Rxg3 Qxg3+ 27. Kd1 Qf3+ 28. Kc2 Qd5 29. Kb1 Qxc4 30. Rxc4 Rxh5 31. a5 Rxh3 32. Bf4 Rd7 33. b6 axb6 34. axb6 Rb3+ 35. Ka2 Rxb6 0-1